| 000 | 00801nam a22002177a 4500 | ||
|---|---|---|---|
| 005 | 20140814020002.0 | ||
| 008 | 130816b2012 ck ||||| |||| 00| 0 spa d | ||
| 041 | _aspa | ||
| 044 | _ack | ||
| 082 |
_a333.34 _bB58a2 |
||
| 245 | 0 | 0 |
_aResumen Ejecutivo. Análisis de la gestión del riesgo de desastres en Colombia : _bun aporte para la construcción de políticas públicas / |
| 260 |
_aBogotá _bBanco Mundial _bGFDRR _c2012 |
||
| 300 |
_a48 cm. _c28 cm. |
||
| 650 |
_aPrevención de desastres _xAdministración _zColomba _91697 |
||
| 650 |
_aDesastres naturales _xPrevención _zColombia _91692 |
||
| 650 |
_aGestión del riesgo _zColombia _91693 |
||
| 700 | 1 |
_aCampos G., Ana. _eed _91698 |
|
| 700 | 1 |
_aHolm-Nielsen, Niels _eed _91699 |
|
| 700 | 1 |
_aDíaz G., Carolina. _eed _91700 |
|
| 942 |
_2ddc _cImpreso _02 |
||
| 999 |
_c7589 _d7589 |
||